01340nam a2200397 i 450000100060000000300090000600500170001500800390003201500160007102000150008704000280010204100130013004600090014308000100015210000410016224501550020324600340035826000490039230000300044133600270047133700540049833800280055238000160058038000230059638800140061965000190063365000210065265100100067365800130068365000120069665000130070870000380072170000500075971000350080985600980084450793KOSZ 00520210820075929.0180725s1984 pl g 000 0 pol aPB 1984/982 a8321004180 aWA NcWA NdKOSZ 005/RW1 apolhger k1984 a943.01 aEngelmann, Berntd(1921-1994)eAutor10aPrusy :bkraj nieograniczonych możliwości /cBernt Engelmann ; przełożyła [z niemieckiego] Brygida Jodkowska ; przedm. Stanisław Salmonowicz.1 iTytuł oryginału:aPreussen. aPoznań :bWydawnictwo Poznańskie,c1984. a544, [4] strony ;c20 cm. aTekstbtxt2rdacontent aBez urządzenia pośredniczącegobn2rdamedia aWoluminbnc2rdacarrier aKsiążki aPublikacje naukowe a1901-2000 4aHistoriografia 4aSpołeczeństwo 4aPrusy aHistoria 4aKultura 4aPolityka1 aJodkowska, Brygida.eTłumaczenie1 aSalmonowicz, Stanisławd(1931- ).ePrzedmowa2 aWydawnictwo Poznańskie4pbl. uhttp://koha.tu.koszalin.pl/cgi-bin/koha/opac-detail.pl?biblionumber=50793yKatalog online BPK